000 00378nam a2200145Ia 4500
008 230917s9999||||xx |||||||||||||| ||und||
040 _e53908
_aMAIN
041 _aEnglish
082 _a355.0218 S73T
100 _aSarkar, Bhaskar
245 0 _aTackling insurgency and terrorism: blueprint for action
260 _aNew Delhi
_bVision
_c1998
300 _a160 p.
942 _cBK
999 _c105871
_d105871